| 000 | 00468nam a22001217a 4500 | ||
|---|---|---|---|
| 008 | 230609b xxu||||| |||| 00| 0 eng d | ||
| 082 |
_a352.490 _bGOK |
||
| 110 | _bOffice of the vice president and ministry of finance | ||
| 245 |
_aProgramme Review and Forward Budget 1991/92-1993/94 _bRecurrent Expenditure _cVolume I (Votes R01-R16) _hOffice of the vice president and ministry of Finance |
||
| 260 |
_aNairobi Kenya _bGoK _cFebruary 1991 |
||
| 300 | _a698p | ||
| 942 |
_2ddc _cBK |
||
| 999 |
_c879 _d879 |
||